Sports Quiz

Random Sports or Cricket Quiz
Score 0/43 Timer 08:00
1 Play Today
Country Name % Correct
EnglandEoin Morgan
96.5%
EnglandJos Buttler
89.9%
EnglandJonny Bairstow
89.1%
EnglandJason Roy
87.7%
EnglandJoe Root
86%
EnglandBen Stokes
84.6%
South AfricaHashim Amla
82.3%
EnglandAlex Hales
79.8%
EnglandKevin Pietersen
78.4%
South AfricaGraeme Smith
77.2%
South AfricaAB de Villiers
75.4%
South AfricaJacques Kallis
70.7%
South AfricaJP Duminy
68.6%
EnglandMoeen Ali
68.4%
South AfricaQuinton de Kock
67.7%
South AfricaFaf du Plessis
67.1%
South AfricaDavid Miller
63.9%
EnglandDawid Malan
63.1%
EnglandPaul Collingwood
61.4%
South AfricaHerschelle Gibbs
51.1%
EnglandRavi Bopara
47.9%
EnglandCraig Kieswetter
46.5%
Country Name % Correct
EnglandLuke Wright
45%
South AfricaMark Boucher
44.9%
South AfricaAlbie Morkel
40.1%
EnglandMichael Lumb
38.9%
EnglandSam Billings
36.3%
EnglandChris Jordan
33%
EnglandJames Vince
28.4%
EnglandOwais Shah
25.2%
South AfricaRassie van der Dussen
24%
EnglandTom Banton
24%
South AfricaReeza Hendricks
19.5%
EnglandTim Bresnan
19.5%
South AfricaJustin Kemp
17.4%
South AfricaHeinrich Klaasen
15.1%
South AfricaJohan Botha
14.7%
South AfricaRichard Levi
14.6%
South AfricaFarhaan Behardien
12.9%
South AfricaRilee Rossouw
12.5%
South AfricaColin Ingram
12.3%
South AfricaLoots Bosman
10.5%
South AfricaMorne van Wyk
8.1%
Remove Ads.
Support Sporcle.
Get the best of Sporcle when you Go Orange. This ad-free experience offers more features, more stats, and more fun while also helping to support Sporcle. Thank you for becoming a member.

You're not logged in!

Compare scores with friends on all Sporcle quizzes.
OR
Log In

Show Comments

Extras

Created Nov 26, 2020ReportNominate
Tags:Cricket Quiz

Top Quizzes Today


Score Distribution

Your Account Isn't Verified!

In order to create a playlist on Sporcle, you need to verify the email address you used during registration. Go to your Sporcle Settings to finish the process.

Report this User

Report this user for behavior that violates our Community Guidelines.

Details: